000 00424nam a2200169Ia 4500
001 25427
003 IN-NITTTR
005 20251114233322.0
008 251113s9999||||xx |||||||||||||| ||eng||
040 _beng
040 _cIN-NITTTR
041 _aeng
082 _a005.13 K786A
100 _aKnuth, Donald E.
245 4 _aThe art of computer programming :
_b Sorting and searching /
_cKnuth, Donald E.
942 _2ddc
_cBK
999 _c28056
_d28056